000
00312nam a22001457a 4500
008
230907b ||||| |||| 00| 0 eng d
020
_a
6519840
041
_a
eng
080
_a
101
082
_a
101SAN
100
_a
44
101
_a
FILOZ
245
_a
THE VELOCITY OF LIGHT
_c
SANDERS.H.J
942
_2
udc
_c
BK
999
_c
60290
_d
60290